| 000 | 00381nam a22001577a 4500 | ||
|---|---|---|---|
| 003 | OSt | ||
| 005 | 20210923110612.0 | ||
| 008 | 210923b |||||||| |||| 00| 0 eng d | ||
| 020 | _a0916354251 | ||
| 040 |
_aHU _cDDC |
||
| 082 | _a320.968 | ||
| 245 | _aSOUTHERN AFRICA ATANDS UP | ||
| 260 |
_aNEW YORK _bWILFRED BURCHETT _c1941 |
||
| 300 | _axxxvii,316P,20cm | ||
| 942 |
_2ddc _cBOOKS _n0 |
||
| 999 |
_c6274 _d6274 |
||